书目信息 |
| 题名: |
初等数论
|
|
| 作者: | 王丹华 , 杨海文 , 刘咏梅 编著 | |
| 分册: | ||
| 出版信息: | 北京 北京航空航天大学出版社 2008.03 |
|
| 页数: | 208页 | |
| 开本: | 23cm | |
| 丛书名: | ||
| 单 册: | ||
| 中图分类: | O156.1 | |
| 科图分类: | ||
| 主题词: | 初等数论--chu deng shu lun | |
| 电子资源: | ||
| ISBN: | 978-7-81124-275-1 | |
| 000 | 00940nam0 2200277 450 | |
| 001 | 012008777756 | |
| 005 | 20080429170835.23 | |
| 010 | @a978-7-81124-275-1@dCNY18.00 | |
| 100 | @a20080428d2008 em y0chiy0120 ea | |
| 101 | 0 | @achi |
| 102 | @aCN@b110000 | |
| 105 | @ak a 000yy | |
| 106 | @ar | |
| 200 | 1 | @a初等数论@Achu deng shu lun@f王丹华, 杨海文, 刘咏梅编著@Fwang dan hua,yang hai wen,liu yong mei bian zhu |
| 210 | @a北京@c北京航空航天大学出版社@d2008.03 | |
| 215 | @a208页@d23cm | |
| 300 | @a高等学校通用教材 | |
| 320 | @a有书目 | |
| 330 | @a本书共分八章,内容包括整除理论、同余、不定方程、同余方程、二次同余方程、原根和指数、实数的表示以及初等数论应用举例。 | |
| 606 | 0 | @a初等数论@Achu deng shu lun |
| 690 | @aO156.1@v4 | |
| 701 | 0 | @a王丹华@Awang dan hua@4编著 |
| 701 | 0 | @a杨海文@Ayang hai wen@4编著 |
| 701 | 0 | @a刘咏梅@Aliu yong mei@4编著 |
| 801 | 0 | @aCN@bQSSK@c20080429 |
| 905 | @b297983-85@dO156.1@eW142@f3 | |
| 初等数论/王丹华, 杨海文, 刘咏梅编著.-北京:北京航空航天大学出版社,2008.03 |
| 208页;23cm |
| 高等学校通用教材 |
| ISBN 978-7-81124-275-1:CNY18.00 |
| 本书共分八章,内容包括整除理论、同余、不定方程、同余方程、二次同余方程、原根和指数、实数的表示以及初等数论应用举例。 |
| ● |
| 相关链接 |
|
|
|
正题名:初等数论
索取号:O156.1/W142
 
预约/预借
| 序号 | 登录号 | 条形码 | 馆藏地/架位号 | 状态 | 备注 |
| 1 | 297983 | 202979839 | 自科库401/401自科库 42排3列1层/ [索取号:O156.1/W142] | 在馆 | |
| 2 | 297984 | 202979848 | 自科库401/401自科库 42排3列1层/ [索取号:O156.1/W142] | 在馆 | |
| 3 | 297985 | 202979857 | 自科库401/401自科库 42排3列1层/ [索取号:O156.1/W142] | 在馆 |